书目信息 |
| 题名: |
航空母舰:伸向大洋的铁拳
|
|
| 作者: | 李杰 , 郭宣 著 | |
| 分册: | ||
| 出版信息: | 北京 海洋出版社 2014 |
|
| 页数: | 235页 | |
| 开本: | 23cm | |
| 丛书名: | 中国海洋问题丛书 | |
| 单 册: | ||
| 中图分类: | E925.671 | |
| 科图分类: | ||
| 主题词: | 航空母舰--介绍--世界 , 航空母舰 | |
| 电子资源: | ||
| ISBN: | 978-7-5027-8747-9 | |
| 000 | 01065oam2 2200301 450 | |
| 001 | 339104 | |
| 005 | 20150604095310.32 | |
| 010 | @a978-7-5027-8747-9@dCNY48.00 | |
| 090 | @aE92@blj | |
| 100 | @a20140429d2014 em y0chiy50 ea | |
| 101 | 0 | @achi |
| 102 | @aCN@b110000 | |
| 105 | @aa z 000yy | |
| 106 | @ar | |
| 200 | 1 | @a航空母舰:伸向大洋的铁拳@Ahang kong mu jian:shen xiang da yang de tie quan@e航空母舰在新世纪运用与发展的思考@f李杰, 郭宣著 |
| 210 | @a北京@c海洋出版社@d2014 | |
| 215 | @a235页@c照片@d23cm | |
| 225 | 2 | @a中国海洋问题丛书 |
| 330 | @a本书共分十七章, 主要内容包括: 太平洋: 美国搅得不太平;印度洋: 印度航母悄然行;大西洋: 新型航母蓄势待发;北冰洋: 航母冲破万古冰等 | |
| 410 | 0 | @12001 @a中国海洋问题丛书 |
| 517 | 1 | @a航空母舰在新世纪运用与发展的思考@Ahang kong mu jian zai xin shi ji yun yong yu fa zhan de si kao |
| 606 | 0 | @a航空母舰@x介绍@y世界 |
| 606 | 0 | @a航空母舰 |
| 690 | @aE925.671@v5 | |
| 701 | 0 | @a李杰@Ali jie@4著 |
| 701 | 0 | @a郭宣@Aguo xuan@4著 |
| 801 | 0 | @aCN@b卓展宏图@c20150525 |
| 905 | @dE925.671@e35@f5 | |
| 航空母舰:伸向大洋的铁拳:航空母舰在新世纪运用与发展的思考/李杰, 郭宣著.-北京:海洋出版社,2014 |
| 235页:照片;23cm.-(中国海洋问题丛书) |
| ISBN 978-7-5027-8747-9:CNY48.00 |
| 本书共分十七章, 主要内容包括: 太平洋: 美国搅得不太平;印度洋: 印度航母悄然行;大西洋: 新型航母蓄势待发;北冰洋: 航母冲破万古冰等 |
| ● |
| 相关链接 |
|
|
|
|
正题名:航空母舰:伸向大洋的铁拳
索取号:E925.671/35
 
预约/预借
| 序号 | 登录号 | 条形码 | 馆藏地/架位号 | 状态 | 备注 |
| 1 | 859391 | 208593912 | 第一样本阅览室/ [索取号:E925.671/35] | 在馆 | |
| 2 | 859392 | 208593921 | 第一借阅区/ [索取号:E925.671/35] | 在馆 | |
| 3 | 859393 | 208593930 | 第一借阅区/ [索取号:E925.671/35] | 在馆 | |
| 4 | 859394 | 208593949 | 第一借阅区/ [索取号:E925.671/35] | 在馆 | |
| 5 | 859395 | 208593958 | 第一借阅区/ [索取号:E925.671/35] | 在馆 |